000 00294nam a2200133Ia 4500
008 230917s9999||||xx |||||||||||||| ||und||
040 _e139022
_aMAIN
041 _aEnglish
082 _a823.7 D555H
100 _aDickens, Charles
245 0 _aHard times
300 _a303p p.
942 _cBK
999 _c199802
_d199802